[Event "Regionalliga West 0304 (Women)"]
[Site "Germany"]
[Date "2003.11.30"]
[Round "2.3"]
[White "Kelzenberg, Heidi"]
[Black "Kreikenbaum, Beate"]
[Result "0-1"]
[WhiteElo "1428"]
[BlackElo "1398"]
[PlyCount "88"]
[EventDate "2003.10.26"]
[EventType "team"]
[EventRounds "5"]
[EventCountry "GER"]
[SourceTitle "EXT 2006"]
[Source "ChessBase"]
[SourceDate "2005.11.24"]
[SourceVersion "1"]
[SourceVersionDate "2005.11.24"]
[SourceQuality "1"]
[WhiteTeam "Heinsberg (W)"]
[BlackTeam "Duesseldorf SV (W)"]
[WhiteTeamCountry "GER"]
[BlackTeamCountry "GER"]

1. e4 e6 2. d4 d5 3. e5 c5 4. Nf3 Nc6 5. h3 Qb6 6. c3 cxd4 7. cxd4 Bb4+ 8. Nc3 Nge7 9. Bd3 Bd7 10. Be3 Nf5 11. Bc2 Qa5 12. Qd2 Rc8 13. 0-0 Nce7 14. Rfc1 Bxc3 15. bxc3 Nxe3 16. Qxe3 Qxc3 17. Qxc3 Rxc3 18. Bd1 Rxc1 19. Rxc1 Nc6 20. Rb1 b6 21. Ba4 Na5 22. Rc1 Nc4 23. Bb3 b5 24. Ra1 Ke7 25. a4 a6 26. axb5 Bxb5 27. Ne1 Nd2 28. Ba4 Bc4 29. Bc2 Rb8 30. Ra3 g6 31. Bd3 Rb3 32. Rxb3 Nxb3 33. f4 Nxd4 34. Bf1 a5 35. Kf2 Bxf1 36. Kxf1 a4 37. Nd3 Kd7 38. Nb4 a3 39. Ke1 Kc7 40. Kd1 Kb6 41. Kc1 Ne2+ 42. Kb1 Nxf4 43. Nc2 Nxg2 44. Nxa3 Nf4 0-1